| 000 | 01683nam0a22002771 4500 | ||
|---|---|---|---|
| 001 | v19\rc\1406846 | ||
| 005 | 20260405170938.0 | ||
| 035 | _a(NLR Aleph) 005222920 | ||
| 090 |
_a5524110 _c5524110 |
||
| 100 | _a20060512d1876 |||y0rusy50 ca | ||
| 101 | 0 | _arus | |
| 102 | _aRU | ||
| 105 | _ay z ||||| | ||
| 200 | 1 |
_aСравнительный календарь народов, применявших в основание летосчисления период обращения земли вокруг солнца и ведущих летосчисление по течению луны вокруг земли, на 1876 год _fСост. И.В. Бентковским, чл.-сотр. Имп. о-в: Кавк. отд. Рус.-геогр., Кавк. мед. и О-ва естествоиспытателей при Новорос. ун-те... |
|
| 210 |
_aСтаврополь _cтип. Губ. правл. _d1876 |
||
| 215 |
_a29 с. _d29 |
||
| 311 | _aОсобое прил. к 7 вып. "Сб. стат. сведений о Ставроп. губ." | ||
| 422 | 0 |
_12001#$aСборник статистических сведений о Ставропольской губернии$vВып. 7 _tСборник статистических сведений о Ставропольской губернии |
|
| 700 | 1 |
_4220 _8rus _7ca _aБентковский _bИ. В. _f1812-1890 _gИосиф Викентьевич _3RU\NLR\AUTH\7772660 _955588 |
|
| 801 | 2 |
_aRU _bNLR _c20090311 _2rusmarc |
|
| 801 | 0 |
_aRU _bNLR _c20060512 _gpsbo |
|
| 801 | 0 |
_aRU _bRuMoRGB _c20060512 _2psbo |
|
| 801 | 1 |
_aRU _bProSoft-M _c20060512 _2rusmarc |
|
| 852 |
_aNLR _j18.113.8.407 |
||
| 942 | _cBOOK | ||
| 980 | _aNB | ||